Design liability in the construction industry / (Record no. 542528)
[ view plain ]
| 000 -LEADER | |
|---|---|
| fixed length control field | 00801cam a2200217 a 4500 |
| 020 ## - INTERNATIONAL STANDARD BOOK NUMBER | |
| International Standard Book Number | 0003830209 |
| 082 0# - DEWEY DECIMAL CLASSIFICATION NUMBER | |
| Classification number | 343.078642 |
| Author Mark | COR |
| 100 1# - MAIN ENTRY--PERSONAL NAME | |
| Personal name | Cornes, David L. |
| 9 (RLIN) | 37708 |
| 245 10 - TITLE STATEMENT | |
| Title | Design liability in the construction industry / |
| Statement of responsibility, etc. | David L. Cornes. |
| 250 ## - EDITION STATEMENT | |
| Edition statement | 2nd ed. |
| 260 ## - PUBLICATION, DISTRIBUTION, ETC. | |
| Place of publication, distribution, etc. | London : |
| Name of publisher, distributor, etc. | Collins ; |
| Place of publication, distribution, etc. | [Myrtle Beach, S.C.] : |
| Name of publisher, distributor, etc. | Distributed in the United States of America by Sheridan House, |
| Date of publication, distribution, etc. | 1985. |
| 300 ## - PHYSICAL DESCRIPTION | |
| Extent | viii, 232 p. ; |
| Dimensions | 24 cm. |
| 500 ## - GENERAL NOTE | |
| General note | Includes indexes. |
| 526 ## - STUDY PROGRAM INFORMATION NOTE | |
| Program name | 0 |
| Interest level | 0 |
| Reading level | 0 |
| Title point value | 343_078642000000000_COR |
| 650 #0 - SUBJECT ADDED ENTRY--TOPICAL TERM | |
| Topical term or geographic name entry element | Architects |
| General subdivision | Malpractice |
| Geographic subdivision | Great Britain. |
| 9 (RLIN) | 37709 |
| 650 #0 - SUBJECT ADDED ENTRY--TOPICAL TERM | |
| Topical term or geographic name entry element | Construction contracts |
| Geographic subdivision | Great Britain. |
| 9 (RLIN) | 37710 |
| 650 #0 - SUBJECT ADDED ENTRY--TOPICAL TERM | |
| Topical term or geographic name entry element | Engineers |
| General subdivision | Malpractice |
| Geographic subdivision | Great Britain. |
| 9 (RLIN) | 37711 |
| 650 #0 - SUBJECT ADDED ENTRY--TOPICAL TERM | |
| Topical term or geographic name entry element | MCE |
| 9 (RLIN) | 379 |
| 650 #0 - SUBJECT ADDED ENTRY--TOPICAL TERM | |
| Topical term or geographic name entry element | Negligence |
| Geographic subdivision | Great Britain. |
| 9 (RLIN) | 37712 |
| 942 ## - ADDED ENTRY ELEMENTS (KOHA) | |
| Source of classification or shelving scheme | |
| Koha item type | Book |
| Withdrawn status | Lost status | Source of classification or shelving scheme | Damaged status | Not for loan | Permanent Location | Current Location | Date acquired | Total Checkouts | Full call number | Barcode | Date last seen | Price effective from | Koha item type |
|---|---|---|---|---|---|---|---|---|---|---|---|---|---|
| Military College of Engineering (MCE) | Military College of Engineering (MCE) | 01/08/2014 | 343.078642 COR | MCE-43157 | 01/08/2014 | 03/14/2021 | Book |
